000 00909nam a22002657a 4500
001 4446
003 FISKH
005 20250828102249.0
008 240910b cb ||||| |||| 00| 0 eng d
020 _a9780516264660
040 _aFISKH
_beng
_cFISKH
_dFISKH
050 _aND259.K33
082 _a759.972
100 _aVenezia, Mike
245 _aFrida Kahlo :
_bGetting to Know the World's Greatest Artists /
_cWritten and illustrated by Mike Venezia
260 _aNew York :
_bChildren's Press,
_c1999
300 _a32 pages :
_bcolor illustrations ;
_c25 cm
520 _aDiscusses the life of Mexican painter Frida Kahlo, including her childhood, her art, and her marriage to Diego Rivera.
650 _aKahlo, Frida
_vJuvenile Literature
650 _aPainters
_vMexico
650 _aWomen
_vBiography
700 _aVenezia, Mike
_eillustrator
942 _2ddc
_cBK
_n0
999 _c4446
_d4446